000 00214nam a22000857a 4500
008 160624b xxu||||| |||| 00| 0 eng d
100 _91087
_aSummers, E
245 _aAnna of Strathallan
260 _aToronta
_bHarlequn
_c1975
999 _c873
_d873